Statistiques concernant Chefs-Lieux des Provinces Belges

Cliquez ici pour prendre le quiz!

Statistiques générales

  • Ce quiz a été pris 4 317 fois
  • Le résultat moyen est 7 sur 11

Réponses sur la Carte

Les réponses sont colorées sur une échelle allant du rouge au vert en fonction du pourcentage des utilisateurs qui les ont devinées à leur premier essai. Vous pouvez retrouver ces pourcentages ci-dessous.
 

Statistiques - réponses

ProvinceChef-lieu% Correct
CapitaleBruxelles
99%
LiègeLiège
92%
AnversAnvers
87%
Flandre-Occ.Bruges
82%
NamurNamur
73%
Flandre-OrientaleGand
72%
HainautMons
57%
Brabant flamandLouvain
51%
LuxembourgArlon
48%
LimbourgHasselt
40%
Brabant wallonWavre
38%

Distribution des résultats

Percentile par nombre de réponses

% des personnes avec chaque résultat

Votre développement - résultats

Vous n’avez pas pris ce quiz